[Event "ICS rated blitz match"]
[Site "204.178.125.65"]
[Date "2000.11.06"]
[Round "?"]
[White "upalm"]
[Black "Hossa"]
[Result "0-1"]
[WhiteElo "2020"]
[BlackElo "2485"]
[PlyCount "58"]
[EventDate "2000.??.??"]

1. d4 Nf6 2. c4 e6 3. Nc3 Bb4 4. e3 O-O 5. Bd3 d5 6. Nf3 c5 7. O-O cxd4 8. exd4
dxc4 9. Bxc4 Nc6 10. Bg5 h6 11. Bh4 g5 12. Bg3 g4 13. Ne5 Qxd4 14. Qxd4 Nxd4
15. a3 Be7 16. Bf4 h5 17. Rfd1 Rd8 18. Rd2 Nf5 19. Rad1 Rxd2 20. Rxd2 Nd6 21.
Be2 Nfe4 22. Nxe4 Nxe4 23. Rc2 Bg5 24. Bxg5 Nxg5 25. f3 f6 26. Nd3 gxf3 27.
gxf3 e5 28. f4 Nh3+ 29. Kg2 Bf5 {upalm resigns} 0-1

[Event "ICS rated standard match"]
[Site "204.178.125.65"]
[Date "2000.11.06"]
[Round "?"]
[White "DiepBlue"]
[Black "Hossa"]
[Result "1-0"]
[WhiteElo "2437"]
[BlackElo "2443"]
[PlyCount "141"]
[EventDate "2000.??.??"]

1. d4 d5 2. c4 c6 3. Nc3 Nf6 4. cxd5 cxd5 5. Nf3 Nc6 6. Bf4 Nh5 7. Bg5 h6 8.
Bh4 g5 9. Bg3 Nxg3 10. hxg3 g4 11. Ne5 Bg7 12. e3 Nxe5 13. dxe5 Bxe5 14. Bb5+
Kf8 15. Qb3 a6 16. Bd3 e6 17. Qb4+ Ke8 18. Qxg4 Bd7 19. Qb4 a5 20. Qb3 a4 21.
Qa3 Qb6 22. Rb1 Rc8 23. O-O Qc5 24. Qxc5 Rxc5 25. Ne2 Rg8 26. Rfc1 Rxc1+ 27.
Nxc1 b5 28. b4 Ke7 29. Ne2 a3 30. Rb3 Ra8 31. f4 Bb2 32. Nd4 Bxd4 33. exd4 Kd6
34. Kf2 f6 35. Rb1 e5 36. Rh1 Rh8 37. dxe5+ fxe5 38. Be2 e4 39. Ke3 Kc7 40. g4
Bc6 41. Kd4 Rf8 42. f5 Rf6 43. Rh3 Rd6 44. Rxa3 Kb6 45. Rg3 Rd8 46. Rh3 Rd6 47.
Rg3 Rd8 48. Bd1 Ra8 49. a3 Rd8 50. Rh3 Rd6 51. Ke5 Kc7 52. f6 d4 53. Rxh6 Rd5+
54. Kf4 Rd8 55. g5 Rf8 56. Rh7+ Kd6 57. f7 Bd5 58. g6 e3 59. Be2 Bxg2 60. Rh8
Ke7 61. Ke5 Ra8 62. Rxa8 Bxa8 63. Bh5 e2 64. Bxe2 Bg2 65. Bh5 Bh3 66. g7 Be6
67. f8=Q+ Kd7 68. Qd6+ Kc8 69. Kxe6 Kb7 70. g8=Q Ka7 71. Qgb8# {
Hossa checkmated} 1-0

[Event "ICS rated standard match"]
[Site "204.178.125.65"]
[Date "2000.11.06"]
[Round "?"]
[White "Hossa"]
[Black "AvernoX"]
[Result "1-0"]
[WhiteElo "2427"]
[BlackElo "1000"]
[PlyCount "187"]
[EventDate "2000.??.??"]

1. e4 e6 2. d4 Be7 3. Nc3 d6 4. Nf3 Nf6 5. Bd3 O-O 6. O-O Ng4 7. h3 Nf6 8. Be3
Nc6 9. a3 Bd7 10. Qd2 Re8 11. Rfe1 a6 12. Bg5 e5 13. dxe5 Nxe5 14. Nxe5 dxe5
15. Rad1 Bc6 16. Qe2 Qc8 17. Bc4 b5 18. Ba2 Rb8 19. Bxf6 Bxf6 20. Qh5 Re7 21.
Nd5 Bxd5 22. Rxd5 c5 23. Red1 c4 24. R5d2 Rc7 25. c3 a5 26. Rd5 a4 27. Bb1 Re7
28. Rd6 Re6 29. Rd7 Be7 30. Bc2 Rb7 31. R7d5 Qc7 32. Bb1 Qb8 33. Ba2 Ra7 34.
Qf3 Rc7 35. Bb1 Rcc6 36. Bc2 Rcd6 37. Qh5 Ra6 38. Re1 Rac6 39. Bd1 Rc5 40. Bg4
Rh6 41. Qf5 Ra6 42. Qf3 Rf6 43. Qe3 Rcc6 44. Qg5 Qb6 45. Rf1 Bd6 46. Bf5 Rc5
47. Rd2 Qc7 48. Rfd1 Rh6 49. Bg4 Rg6 50. Qf5 Rf6 51. Qd7 Qxd7 52. Bxd7 Be7 53.
Rd5 g5 54. g3 Kf8 55. Kg2 h6 56. Rxc5 Bxc5 57. Rd2 Rb6 58. Rd5 Ke7 59. Rxe5+
Kxd7 60. Rxc5 Kd6 61. Rd5+ Ke7 62. Kf3 Rb8 63. Kg4 Rb6 64. Kh5 Kf8 65. Rc5 Kg8
66. e5 Kf8 67. Rc8+ Kg7 68. f4 gxf4 69. gxf4 f6 70. Rc7+ Kf8 71. h4 fxe5 72.
fxe5 Re6 73. Rc5 Rb6 74. Rd5 Ke7 75. Rd6 Rxd6 76. exd6+ Kxd6 77. Kxh6 Kd5 78.
h5 Ke4 79. Kg5 Kd3 80. h6 Kc2 81. h7 Kxb2 82. h8=Q Kxa3 83. Qb8 Kb2 84. Qxb5+
Kxc3 85. Qxa4 Kd3 86. Kf5 c3 87. Qd1+ Kc4 88. Ke5 Kc5 89. Qd4+ Kc6 90. Qxc3+
Kb5 91. Kd6 Ka4 92. Qb2 Ka5 93. Kc5 Ka6 94. Qb6# {AvernoX checkmated} 1-0

[Event "ICS rated standard match"]
[Site "204.178.125.65"]
[Date "2000.11.06"]
[Round "?"]
[White "Hossa"]
[Black "DiepBlue"]
[Result "0-1"]
[WhiteElo "2427"]
[BlackElo "2453"]
[PlyCount "70"]
[EventDate "2000.??.??"]

1. e4 e5 2. Nf3 Nc6 3. Bb5 a6 4. Ba4 Nf6 5. O-O Be7 6. Re1 b5 7. Bb3 d6 8. c3
O-O 9. h3 Bb7 10. d4 Re8 11. Nbd2 Bf8 12. a4 h6 13. Bc2 exd4 14. cxd4 Nb4 15.
Bb1 c5 16. d5 Nd7 17. Ra3 f5 18. Nh2 Nf6 19. Rf3 Re5 20. Rxf5 Rxf5 21. exf5
Bxd5 22. Ng4 bxa4 23. Nxf6+ Qxf6 24. Ne4 Qf7 25. Qg4 Kh8 26. Nc3 Bc6 27. Qg6
Qxg6 28. fxg6 d5 29. f3 d4 30. Ne4 d3 31. Bd2 c4 32. g3 Re8 33. Kg2 Bb5 34. Bc1
Nd5 35. Rf1 Bb4 {Hossa resigns} 0-1

[Event "ICS rated standard match"]
[Site "204.178.125.65"]
[Date "2000.11.06"]
[Round "?"]
[White "DiepBlue"]
[Black "Hossa"]
[Result "1-0"]
[WhiteElo "2468"]
[BlackElo "2412"]
[PlyCount "53"]
[EventDate "2000.??.??"]

1. d4 Nf6 2. c4 g6 3. g3 d5 4. Bg2 Bg7 5. cxd5 Nxd5 6. e4 Nb6 7. Ne2 c5 8. d5
f5 9. Nbc3 O-O 10. O-O Na6 11. Nf4 Nc7 12. Be3 fxe4 13. Bxc5 Bxc3 14. bxc3 g5
15. Nh5 Nbxd5 16. Bxe4 Nxc3 17. Qb3+ N7d5 18. Rad1 Be6 19. Bxd5 Nxd5 20. Qb2
Rf7 21. Qe5 Qc8 22. Qxg5+ Kf8 23. Qe5 Kg8 24. Rxd5 h6 25. Bd4 Rh7 26. Rc5 Qd7
27. Re1 {Hossa resigns} 1-0

[Event "ICS rated standard match"]
[Site "204.178.125.65"]
[Date "2000.11.06"]
[Round "?"]
[White "Hossa"]
[Black "BrazilianMaster"]
[Result "0-1"]
[WhiteElo "2399"]
[BlackElo "2655"]
[PlyCount "112"]
[EventDate "2000.??.??"]

1. d4 Nf6 2. c4 e6 3. Nf3 b6 4. g3 Bb7 5. Bg2 Be7 6. O-O O-O 7. Nc3 Ne4 8. Nxe4
Bxe4 9. Nh4 Bxg2 10. Nxg2 d5 11. cxd5 Qxd5 12. Bf4 Na6 13. a3 Rfd8 14. Qa4 Qb7
15. Be5 b5 16. Qb3 c5 17. Rfd1 c4 18. Qc3 Rac8 19. Ne1 f6 20. Bf4 g5 21. Bd2
Qe4 22. e3 Rd7 23. Qa5 Qc6 24. f3 e5 25. dxe5 Rcd8 26. Qc3 Nc5 27. exf6 Bxf6
28. Qc2 Nb3 29. Bb4 a5 30. Bc3 Bxc3 31. bxc3 Rd2 32. Rxd2 Rxd2 33. Qf5 Rd5 34.
Qb1 Nxa1 35. Qxa1 Qd7 36. Qb2 Rd2 37. Qc1 Rd1 38. Qxd1 Qxd1 39. Kf1 Qd2 40. e4
Qxh2 41. e5 Kf7 42. f4 gxf4 43. gxf4 Qxf4+ 44. Ke2 Qxe5+ 45. Kf2 Qc5+ 46. Ke2
Qxa3 47. Nf3 Qxc3 48. Kf2 a4 49. Ng1 Qd2+ 50. Kf1 Qe3 51. Kg2 a3 52. Nf3 a2 53.
Ne5+ Qxe5 54. Kf3 a1=Q 55. Kg2 Qae1 56. Kf3 Q1g3# {Hossa checkmated} 0-1

[Event "ICS rated standard match"]
[Site "204.178.125.65"]
[Date "2000.11.06"]
[Round "?"]
[White "BrazilianMaster"]
[Black "Hossa"]
[Result "1-0"]
[WhiteElo "2661"]
[BlackElo "2393"]
[PlyCount "113"]
[EventDate "2000.??.??"]

1. c4 Nf6 2. d4 e6 3. Nc3 Bb4 4. Qc2 Nc6 5. Nf3 d6 6. a3 Bxc3+ 7. Qxc3 O-O 8.
e3 Re8 9. Be2 e5 10. d5 Ne7 11. Bd2 Ne4 12. Qc2 Bf5 13. Bd3 Nxd2 14. Nxd2 Bxd3
15. Qxd3 Ng6 16. O-O Nh4 17. g3 Qg5 18. f4 exf4 19. exf4 Qg4 20. Rae1 Qh3 21.
Re2 f6 22. f5 Re5 23. Rf4 g5 24. fxg6 Nxg6 25. Rxf6 Kg7 26. Ref2 Re1+ 27. Nf1
Re7 28. Qd4 Kg8 29. c5 dxc5 30. Qxc5 Rd7 31. Qc4 Kh8 32. Rf7 Ne5 33. Qc3 Rxf7
34. Rxf7 Kg8 35. Re7 Rf8 36. Nd2 Nf7 37. Qd4 c6 38. dxc6 bxc6 39. Qxa7 Qg4 40.
Qe3 Qd1+ 41. Kg2 Qc2 42. Qc3 Qd1 43. b4 Rd8 44. Nf3 Qd6 45. Re4 Qd7 46. Qf6 Ra8
47. Rd4 Qc8 48. Ng5 Ne5 49. Qxe5 Rxa3 50. Ne6 Ra2+ 51. Kh3 Kf7 52. Rf4+ Ke8 53.
Qd6 Qxe6+ 54. Qxe6+ Kd8 55. Rf7 Rxh2+ 56. Kxh2 c5 57. Qd7# {Hossa checkmated}
1-0

[Event "ICS rated blitz match"]
[Site "204.178.125.65"]
[Date "2000.11.06"]
[Round "?"]
[White "Grant1"]
[Black "Hossa"]
[Result "0-1"]
[WhiteElo "2293"]
[BlackElo "2487"]
[PlyCount "84"]
[EventDate "2000.??.??"]

1. c4 Nf6 2. g3 c6 3. Bg2 d5 4. b3 dxc4 5. bxc4 Qd4 6. Nc3 Qxc4 7. Nf3 Nbd7 8.
O-O e5 9. Bb2 Bd6 10. d3 Qb4 11. Qc2 O-O 12. Rfb1 Qg4 13. h3 Qe6 14. a4 Nc5 15.
Ba3 Qe7 16. Qb2 e4 17. Nxe4 Ncxe4 18. dxe4 Nxe4 19. Bxd6 Nxd6 20. e3 Rd8 21.
Rc1 Be6 22. Qb4 Bd5 23. Nd4 a5 24. Qc5 Bxg2 25. Kxg2 Qd7 26. Rab1 Ne4 27. Qh5
c5 28. Nb5 Nd2 29. Rb2 Qc6+ 30. f3 Qf6 31. Nc3 g6 32. Qg4 Rab8 33. Qf4 Qxf4 34.
gxf4 Nc4 35. Re2 Rd3 36. Kf2 Nd2 37. Rc2 Rbd8 38. h4 f5 39. Nb5 b6 40. Nc3 Kf7
41. e4 Nxf3 42. Nd5 Nd4 {Grant1 resigns} 0-1

[Event "ICS Rated blitz match"]
[Site "204.178.125.65"]
[Date "2000.11.06"]
[Round "?"]
[White "Hossa"]
[Black "PabloZelig"]
[Result "1-0"]
[WhiteElo "2495"]
[BlackElo "2127"]
[PlyCount "65"]
[EventDate "2000.??.??"]

1. e4 c5 2. Nf3 Nc6 3. d4 cxd4 4. Nxd4 Nf6 5. Nxc6 bxc6 6. Nc3 e6 7. e5 Nd5 8.
Nxd5 cxd5 9. Bd3 Ba6 10. Bxa6 Qa5+ 11. Bd2 Qxa6 12. Bc3 Be7 13. Qd3 Qxd3 14.
cxd3 O-O 15. Ke2 Rfc8 16. Rac1 Bc5 17. b4 Be7 18. a3 d6 19. Bd4 dxe5 20. Bxe5
Bf6 21. Bxf6 gxf6 22. Rc5 Rcb8 23. Rhc1 Rb7 24. h4 Kg7 25. g4 Rd8 26. Rc7 Rd7
27. Rc8 h6 28. Ke3 Rb6 29. f4 e5 30. f5 Rbd6 31. b5 e4 32. Re8 exd3 33. Rcc8 {
PabloZelig resigns} 1-0

[Event "ICS rated blitz match"]
[Site "204.178.125.65"]
[Date "2000.11.06"]
[Round "?"]
[White "PabloZelig"]
[Black "Hossa"]
[Result "0-1"]
[WhiteElo "2124"]
[BlackElo "2498"]
[PlyCount "74"]
[EventDate "2000.??.??"]

1. d4 Nf6 2. c4 e6 3. Nc3 c5 4. d5 exd5 5. cxd5 d6 6. e4 Be7 7. f4 O-O 8. Nf3
Ng4 9. Bc4 Re8 10. O-O Bf6 11. h3 Bxc3 12. bxc3 Rxe4 13. hxg4 Rxc4 14. Qd3 Ra4
15. Ng5 g6 16. Qh3 h5 17. f5 f6 18. Ne6 Bxe6 19. dxe6 Rxg4 20. fxg6 Rxg6 21.
Qxh5 Qe8 22. Qd5 Qc6 23. c4 Kf8 24. Bb2 Qxd5 25. cxd5 Ke7 26. Rab1 b5 27. Rf2
Na6 28. Rbf1 Rf8 29. a3 b4 30. Rc1 bxa3 31. Bxa3 Nc7 32. Rd2 Rg5 33. Bxc5 dxc5
34. d6+ Kxe6 35. dxc7 Rc8 36. Re1+ Re5 37. Rxe5+ fxe5 {PabloZelig resigns} 0-1

[Event "ICS rated standard match"]
[Site "204.178.125.65"]
[Date "2000.11.06"]
[Round "?"]
[White "TheSinger"]
[Black "Hossa"]
[Result "0-1"]
[WhiteElo "2079"]
[BlackElo "2387"]
[PlyCount "116"]
[EventDate "2000.??.??"]

1. e4 e5 2. Bc4 Nf6 3. d3 c6 4. Bb3 d5 5. Nf3 Bd6 6. exd5 cxd5 7. Nc3 Be6 8.
O-O Nc6 9. Bg5 Be7 10. Re1 d4 11. Bxe6 fxe6 12. Ne4 O-O 13. Nxf6+ Bxf6 14. Bxf6
gxf6 15. Kh1 Rf7 16. Qd2 Qb6 17. c3 Rg7 18. cxd4 Nxd4 19. Nxd4 Qxd4 20. Rac1
Qd5 21. f3 Qxa2 22. Qb4 Qd5 23. Qh4 Rf8 24. Qh3 Kh8 25. f4 exf4 26. Rxe6 f3 27.
gxf3 Qxd3 28. Rce1 Qb5 29. Re7 Rxe7 30. Rxe7 Qd3 31. Re1 Rg8 32. Qf1 Qd4 33.
Qe2 a6 34. Rd1 Qc5 35. Qe6 Qg5 36. Qe2 a5 37. Qd2 Qf5 38. Qd5 Qc2 39. Qd2 Qb3
40. Rf1 Qb6 41. Qf2 Qb5 42. Rg1 Rxg1+ 43. Kxg1 Qg5+ 44. Kf1 Qd5 45. Kg2 Qd8 46.
h4 Kg7 47. Qc2 b5 48. b3 Qd7 49. Kg3 a4 50. bxa4 bxa4 51. Qa2 Qd6+ 52. Kg4 a3
53. h5 Qc5 54. f4 f5+ 55. Kh4 Qg1 56. h6+ Kxh6 57. Qg2 Qe1+ 58. Kh3 Qe3+ {
TheSinger resigns} 0-1

[Event "ICS Rated standard match"]
[Site "204.178.125.65"]
[Date "2000.11.06"]
[Round "?"]
[White "Hossa"]
[Black "Bootemout"]
[Result "1-0"]
[WhiteElo "2392"]
[BlackElo "2070"]
[PlyCount "85"]
[EventDate "2000.??.??"]

1. e4 e6 2. d4 d5 3. Nd2 c5 4. exd5 exd5 5. Ngf3 Nf6 6. Bb5+ Bd7 7. Bxd7+ Nbxd7
8. O-O Be7 9. dxc5 Nxc5 10. Nd4 O-O 11. c3 Nd3 12. Qc2 Nxc1 13. Rfxc1 Qd7 14.
Re1 Rfe8 15. Qd3 Bd6 16. Qf5 Qxf5 17. Nxf5 Bc5 18. Nb3 Bf8 19. g3 g6 20. Nfd4
a6 21. Rad1 Rac8 22. Nc2 b6 23. Rxe8 Rxe8 24. Ne3 a5 25. Nxd5 Nxd5 26. Rxd5 a4
27. Nd2 Re1+ 28. Kg2 Bc5 29. Kf3 f5 30. Nc4 Rc1 31. a3 Rc2 32. Rd2 Rc1 33. Ne5
Rb1 34. Rd8+ Kg7 35. Nd3 g5 36. Ra8 h5 37. Rxa4 Kg6 38. Ra6 g4+ 39. Ke2 Kg5 40.
Nxc5 Rxb2+ 41. Ke3 bxc5 42. h4+ gxh3 43. f4+ {Bootemout resigns} 1-0

[Event "ICS Rated standard match"]
[Site "204.178.125.65"]
[Date "2000.11.07"]
[Round "?"]
[White "Hossa"]
[Black "TheSinger"]
[Result "1-0"]
[WhiteElo "2396"]
[BlackElo "2058"]
[PlyCount "53"]
[EventDate "2000.??.??"]

1. e4 g6 2. d4 Bg7 3. c4 d6 4. Nc3 Nc6 5. d5 Ne5 6. f4 Nd7 7. Nf3 c5 8. Bd3 e5
9. Nb5 Nb6 10. fxe5 dxe5 11. d6 Rb8 12. Be3 Nd7 13. O-O Ngf6 14. Nxa7 O-O 15.
Qb3 Ne8 16. Bc2 f5 17. exf5 gxf5 18. Ng5 e4 19. Ne6 Qh4 20. Nxc8 Rxc8 21. Bg5
Bd4+ 22. Kh1 Qh5 23. Qxb7 Nef6 24. Bxf6 Bxf6 25. Qxd7 Rfe8 26. g4 Qh3 27. Rxf5
{TheSinger resigns} 1-0

[Event "ICS rated blitz match"]
[Site "204.178.125.65"]
[Date "2000.11.07"]
[Round "?"]
[White "A32Kumar"]
[Black "Hossa"]
[Result "0-1"]
[WhiteElo "1986"]
[BlackElo "2503"]
[PlyCount "30"]
[EventDate "2000.??.??"]

1. e4 e5 2. Nf3 Nf6 3. Nc3 Nc6 4. Be2 d5 5. exd5 Nxd5 6. Nxd5 Qxd5 7. d3 Bf5 8.
O-O O-O-O 9. Be3 Kb8 10. c4 Qd7 11. Ne1 Nd4 12. Bxd4 Qxd4 13. Qc2 f6 14. a3 g6
15. b4 Qxa1 {A32Kumar resigns} 0-1

[Event "ICS rated blitz match"]
[Site "204.178.125.65"]
[Date "2000.11.07"]
[Round "?"]
[White "Hossa"]
[Black "lupica"]
[Result "0-1"]
[WhiteElo "2505"]
[BlackElo "2134"]
[PlyCount "126"]
[EventDate "2000.??.??"]

1. e4 c5 2. g4 d5 3. Bg2 dxe4 4. Nc3 g6 5. Nxe4 Bg7 6. Nxc5 Nc6 7. c3 e5 8. Qe2
Nge7 9. f4 O-O 10. fxe5 Nxe5 11. d4 Bxg4 12. Qe4 Bf5 13. Qxb7 Rb8 14. Qxa7 N7c6
15. Qa3 Qh4+ 16. Kf1 Nd3 17. Be3 Rxb2 18. Qxb2 Nxb2 19. Bxc6 Nc4 20. Bf2 Qf6
21. Bf3 Bh3+ 22. Ke2 Re8+ 23. Kd3 Na3 24. Re1 Rxe1 25. Bxe1 Bf5+ 26. Ke2 Qe7+
27. Kf1 Nc2 28. Bd2 Bf6 29. Na4 Bh4 30. Nb2 Ne3+ 31. Ke2 Nc4+ 32. Kd1 Nxb2+ 33.
Kc1 Nd3+ 34. Kc2 Nf2+ 35. Kb2 Nxh1 36. Ne2 Nf2 37. Ka1 Bg5 38. Bxg5 Qxg5 39.
Kb2 Qd2+ 40. Kb3 Be6+ 41. Kb4 Nd3+ 42. Kb5 Qb2+ 43. Kc6 Qxa2 44. Ng1 Qc4+ 45.
Kb7 Qxc3 46. d5 Qb3+ 47. Kc7 Bxd5 48. Kd6 Bxf3 49. Nxf3 Nf4 50. Ng1 Qd5+ 51.
Kc7 Ne6+ 52. Kb6 Qc5+ 53. Kb7 Qc7+ 54. Ka6 Qc6+ 55. Ka5 Qc5+ 56. Ka6 Qxg1 57.
Kb7 Qc1 58. h4 Qc5 59. h5 gxh5 60. Ka6 Qb4 61. Ka7 Qb5 62. Ka8 Nc5 63. Ka7 Qb7#
{Hossa checkmated} 0-1

[Event "ICS rated blitz match"]
[Site "204.178.125.65"]
[Date "2000.11.07"]
[Round "?"]
[White "Hossa"]
[Black "Mefisto5000"]
[Result "1-0"]
[WhiteElo "2476"]
[BlackElo "2050"]
[PlyCount "127"]
[EventDate "2000.??.??"]

1. e4 e6 2. d4 d5 3. Nd2 Nf6 4. e5 Nfd7 5. Bd3 b6 6. Ne2 Ba6 7. Bxa6 Nxa6 8.
Nf3 Be7 9. c3 c6 10. O-O O-O 11. Be3 Nc7 12. Qa4 b5 13. Qc2 Nb6 14. Nf4 a5 15.
Nd3 Na6 16. Qd1 Rc8 17. Nd2 c5 18. dxc5 Nxc5 19. Bxc5 Bxc5 20. Nb3 Nd7 21. a4
b4 22. Nbxc5 Nxc5 23. Nxc5 Rxc5 24. cxb4 axb4 25. Qb3 Qa5 26. Rfc1 Rfc8 27.
Rxc5 Rxc5 28. h3 h6 29. g3 Rc4 30. Re1 Qc5 31. Kf1 Kf8 32. h4 Ke7 33. Qe3 Qxe3
34. Rxe3 Rc2 35. Rb3 Rc4 36. a5 f6 37. a6 Rc6 38. Rxb4 Rxa6 39. Rb7+ Kf8 40.
exf6 gxf6 41. Ke2 e5 42. Kd3 Rc6 43. h5 Kg8 44. b4 d4 45. b5 Rc3+ 46. Ke4 d3
47. Kf5 d2 48. Rd7 Rb3 49. Rxd2 Rxb5 50. Kg6 Kf8 51. Rd6 Ke7 52. Rxf6 Rb8 53.
Kf5 Rb2 54. Rxh6 Rxf2+ 55. Kxe5 Kf7 56. Rh7+ Kg8 57. Rc7 Kh8 58. g4 Kg8 59. g5
Kh8 60. g6 Kg8 61. h6 Re2+ 62. Kf4 Rf2+ 63. Kg3 Rf6 64. Rc8+ {
Mefisto5000 resigns} 1-0

[Event "ICS rated blitz match"]
[Site "204.178.125.65"]
[Date "2000.11.07"]
[Round "?"]
[White "Hossa"]
[Black "Young"]
[Result "1-0"]
[WhiteElo "2479"]
[BlackElo "2102"]
[PlyCount "52"]
[EventDate "2000.??.??"]

1. e4 c5 2. g4 d6 3. Nc3 Nc6 4. d3 g6 5. g5 Bg7 6. h4 h6 7. Bg2 hxg5 8. hxg5
Rxh1 9. Bxh1 Bd7 10. Bd2 Qc7 11. Rb1 O-O-O 12. Nge2 Nd4 13. Nd5 Qb8 14. Nxd4
cxd4 15. Qf3 Rf8 16. Rc1 e6 17. Nf6 Nxf6 18. gxf6 Bh8 19. c3 dxc3 20. Rxc3+ Kd8
21. Bg5 Bc6 22. Qe2 Kd7 23. d4 Qd8 24. d5 exd5 25. exd5 Bxf6 26. dxc6+ bxc6 {
Young resigns} 1-0

[Event "ICS rated blitz match"]
[Site "204.178.125.65"]
[Date "2000.11.07"]
[Round "?"]
[White "Young"]
[Black "Hossa"]
[Result "0-1"]
[WhiteElo "2099"]
[BlackElo "2482"]
[PlyCount "50"]
[EventDate "2000.??.??"]

1. e4 Nc6 2. d4 e5 3. d5 Nb8 4. c4 Nf6 5. Nc3 Bb4 6. f3 O-O 7. Bg5 d6 8. Qd2
Bc5 9. Bd3 Na6 10. Nge2 Nb4 11. a3 Nxd3+ 12. Qxd3 Bd7 13. Be3 Bxe3 14. Qxe3 Nh5
15. O-O Qe7 16. b4 a5 17. c5 f5 18. cxd6 Qxd6 19. Rab1 fxe4 20. fxe4 axb4 21.
axb4 Qg6 22. Qc5 Bh3 23. Rxf8+ Rxf8 24. g3 Qf7 25. Qe3 Qf1+ {Young resigns} 0-1

[Event "ICS rated blitz match"]
[Site "204.178.125.65"]
[Date "2000.11.07"]
[Round "?"]
[White "Hossa"]
[Black "Young"]
[Result "1-0"]
[WhiteElo "2485"]
[BlackElo "2096"]
[PlyCount "79"]
[EventDate "2000.??.??"]

1. e4 c5 2. g4 d5 3. Bg2 dxe4 4. Nc3 Nf6 5. g5 Bg4 6. f3 exf3 7. Bxf3 Bxf3 8.
Qxf3 Ng8 9. Qxb7 Nd7 10. Nb5 Rc8 11. Nxa7 Rc7 12. Qa6 h6 13. Nb5 Rc8 14. g6
Ngf6 15. gxf7+ Kxf7 16. Ne2 Ne5 17. O-O Qd7 18. d3 g5 19. Ng3 Bg7 20. Rf5 Rc6
21. Qa5 Re6 22. Ne4 Rc8 23. Bxg5 hxg5 24. Nxg5+ Kg6 25. Nxe6 Kxf5 26. Nbc7 Bh6
27. Rf1+ Kg6 28. Qe1 Rg8 29. Rf2 Qd6 30. Rg2+ Kf7 31. Qf2 Rxg2+ 32. Qxg2 Neg4
33. h3 Be3+ 34. Kf1 Qe5 35. hxg4 Qxb2 36. Qe2 Qe5 37. Kg2 Nd5 38. Qf3+ Nf4+ 39.
Nxf4 Bxf4 40. Nd5 {Young resigns} 1-0

[Event "ICS rated standard match"]
[Site "204.178.125.65"]
[Date "2000.11.07"]
[Round "?"]
[White "Hossa"]
[Black "Interceptor"]
[Result "0-1"]
[WhiteElo "2402"]
[BlackElo "2663"]
[PlyCount "80"]
[EventDate "2000.??.??"]

1. e4 c5 2. Nf3 e6 3. b3 d6 4. d4 cxd4 5. Nxd4 Nf6 6. Bd3 g6 7. c3 d5 8. exd5
Nxd5 9. O-O Bg7 10. Ne2 O-O 11. Ba3 Re8 12. Bb5 Bd7 13. Bc4 Bc6 14. Qc2 b5 15.
Bxd5 Qxd5 16. f3 Rd8 17. Qc1 a5 18. Be7 Rd7 19. Bg5 b4 20. Bh6 Bxh6 21. Qxh6
Qe5 22. Re1 Bb5 23. Kf2 Rd1 24. Qf4 Qc5+ 25. Nd4 Rxe1 26. Kxe1 e5 27. Qe4 exd4
28. Qxd4 Qe7+ 29. Qe4 Qg5 30. Kf2 Ra6 31. c4 Qf6 32. cxb5 Re6 33. Qb7 Qh4+ 34.
g3 Qxh2+ 35. Kf1 Qh1+ 36. Kf2 Qe1+ 37. Kg2 Re2+ 38. Kh3 Qh1+ 39. Kg4 Qh5+ 40.
Kf4 Qf5# {Hossa checkmated} 0-1

[Event "ICS Rated standard match"]
[Site "204.178.125.65"]
[Date "2000.11.07"]
[Round "?"]
[White "Interceptor"]
[Black "Hossa"]
[Result "1/2-1/2"]
[WhiteElo "2669"]
[BlackElo "2396"]
[PlyCount "178"]
[EventDate "2000.??.??"]

1. e4 e5 2. Nf3 Nf6 3. Nxe5 Qe7 4. d4 d6 5. Nf3 Nxe4 6. Be2 d5 7. O-O Be6 8. c4
dxc4 9. d5 Bf5 10. Bxc4 Nd7 11. Nc3 O-O-O 12. Bd3 Nxc3 13. bxc3 Bxd3 14. Qxd3
Nc5 15. Qd4 Qe4 16. Ng5 Qxd5 17. Rd1 Qxd4 18. cxd4 Rd7 19. Re1 Ne6 20. Nxf7
Rxf7 21. Rxe6 Bd6 22. f3 Kd7 23. Re4 Rhf8 24. Bd2 Re7 25. Rae1 Rfe8 26. g3 c6
27. Kf2 h6 28. h4 h5 29. Bg5 Re6 30. Kg2 a6 31. R1e2 a5 32. Bd2 a4 33. Ba5 b5
34. Bc3 b4 35. Bb2 Bc7 36. Bc1 R6e7 37. Kh3 b3 38. axb3 axb3 39. Rxe7+ Rxe7 40.
Rb2 Re1 41. Bg5 Rg1 42. Bf4 Bxf4 43. gxf4 Ke6 44. Rxb3 Kf5 45. Kh2 Rd1 46. Rb4
Kxf4 47. d5+ Kxf3 48. dxc6 Rc1 49. Rb3+ Ke4 50. Rb7 Rc2+ 51. Kg3 Rc3+ 52. Kf2
Rxc6 53. Rxg7 Rf6+ 54. Kg3 Kd5 55. Rg8 Ke6 56. Rg5 Rf5 57. Rg6+ Ke5 58. Rg8 Rf1
59. Re8+ Kd4 60. Re6 Rf8 61. Re1 Rf5 62. Rb1 Kc3 63. Rd1 Kc2 64. Rd8 Kc3 65.
Rd6 Kc4 66. Rd1 Rf6 67. Rd8 Rf7 68. Ra8 Rg7+ 69. Kh2 Kd5 70. Rh8 Ke5 71. Rh6
Kf5 72. Kh3 Rg1 73. Rh8 Rg7 74. Rf8+ Ke5 75. Ra8 Kf4 76. Ra4+ Kf3 77. Ra5 Ke4
78. Rc5 Kf4 79. Ra5 Rh7 80. Rg5 Re7 81. Kg2 Re2+ 82. Kg1 Re5 83. Rxe5 Kxe5 84.
Kf1 Kf5 85. Ke2 Kg4 86. Kd3 Kg3 87. Ke3 Kg4 88. Kd3 Kg3 89. Ke3 Kg4 {
Game drawn by mutual agreement} 1/2-1/2

[Event "ICS rated standard match"]
[Site "204.178.125.65"]
[Date "2000.11.07"]
[Round "?"]
[White "Hossa"]
[Black "Interceptor"]
[Result "0-1"]
[WhiteElo "2406"]
[BlackElo "2659"]
[PlyCount "158"]
[EventDate "2000.??.??"]

1. e4 c5 2. c3 d5 3. exd5 Qxd5 4. d4 Nf6 5. Nf3 e6 6. Na3 Nc6 7. Be2 cxd4 8.
Nb5 Bd6 9. Nxd6+ Qxd6 10. Nxd4 Nxd4 11. Qxd4 Qxd4 12. cxd4 Bd7 13. Bf4 Nd5 14.
Be5 f6 15. Bg3 h5 16. Rc1 Bc6 17. h3 h4 18. Bd6 Rd8 19. Bc5 Nf4 20. Rg1 Bxg2
21. Bxa7 O-O 22. Bb6 Ra8 23. Bc4 Bxh3 24. Rc3 Rfc8 25. Bc5 Bg2 26. Bd6 Bd5 27.
Bf1 Rxc3 28. bxc3 e5 29. dxe5 h3 30. exf6 h2 31. Rh1 Bxh1 32. Bxf4 Bd5 33. Bxh2
Rxa2 34. Be2 gxf6 35. c4 Bc6 36. Bf4 Kf7 37. Be3 Ke6 38. Bd4 Bh1 39. f3 Kf5 40.
Kf2 Kf4 41. Be3+ Ke5 42. Bc5 f5 43. Ke3 f4+ 44. Kd3 Bg2 45. Bd4+ Ke6 46. Bg7
Bh3 47. Bd1 Bf1+ 48. Kc3 Rh2 49. Kb4 Rd2 50. Bb3 Bg2 51. Bh6 Ke5 52. Bg7+ Kf5
53. Bc3 Rf2 54. Bd4 Rxf3 55. Bc2+ Kg5 56. Be4 Rg3 57. Bc2 Bc6 58. Kc5 f3 59.
Be3+ Kg4 60. Bd3 Rg2 61. Bf1 Ra2 62. Kb4 Ra1 63. Bd3 Kg3 64. Bc5 Kg2 65. Be3
Re1 66. Bb6 Be4 67. Bxe4 Rxe4 68. Kc5 Re6 69. Ba7 Ra6 70. Bb8 f2 71. Kd4 f1=Q
72. Be5 Qd1+ 73. Ke4 Qg4+ 74. Kd5 Rc6 75. c5 Kf3 76. Bf4 Qf5+ 77. Kc4 Qxc5+ 78.
Kb3 Qb5+ 79. Ka3 Ra6# {Hossa checkmated} 0-1

[Event "ICS rated standard match"]
[Site "204.178.125.65"]
[Date "2000.11.07"]
[Round "?"]
[White "Interceptor"]
[Black "Hossa"]
[Result "1-0"]
[WhiteElo "2665"]
[BlackElo "2400"]
[PlyCount "129"]
[EventDate "2000.??.??"]

1. d4 Nf6 2. c4 e6 3. Nf3 b6 4. a3 Bb7 5. Nc3 d5 6. Bg5 Be7 7. e3 Nbd7 8. cxd5
Nxd5 9. Nxd5 Bxd5 10. Bxe7 Qxe7 11. Rc1 c5 12. Bb5 O-O 13. Bxd7 Bxf3 14. gxf3
Qxd7 15. dxc5 Qc6 16. cxb6 Qxb6 17. Qc2 Rab8 18. O-O Qxb2 19. Qxb2 Rxb2 20. Rc7
a5 21. Ra7 Rb5 22. Rc1 g6 23. h4 Rfb8 24. Kg2 R8b7 25. Rxb7 Rxb7 26. Rc5 Ra7
27. a4 Kf8 28. Kg3 Ke7 29. h5 Kd6 30. Rb5 gxh5 31. Kh4 Kc6 32. f4 f6 33. Kxh5
Kc7 34. Kh6 Kd6 35. f5 exf5 36. Rxf5 Ke6 37. e4 Kf7 38. Kxh7 Re7 39. f3 Ra7 40.
Rb5 Ra8 41. Rb7+ Ke6 42. Kg7 Rc8 43. f4 Rc4 44. f5+ Kd6 45. Ra7 Rxe4 46. Rxa5
Ke7 47. Ra7+ Kd6 48. Kxf6 Rf4 49. a5 Rh4 50. Ra6+ Kc7 51. Ke7 Rh7+ 52. Kf8 Rh2
53. f6 Kb7 54. Rb6+ Kc7 55. f7 Rh1 56. Kg7 Kd7 57. f8=Q Rg1+ 58. Kf7 Rf1+ 59.
Rf6 Rxf6+ 60. Kxf6 Kc7 61. Qc5+ Kb7 62. Ke6 Kb8 63. a6 Ka8 64. Qb4 Ka7 65. Qb7#
{Hossa checkmated} 1-0